Life is an open secret : you, me and we
| Main Author: | |
|---|---|
| Format: | Book |
| Published: |
Kuala Lumpur :
Wise Worlds Publishing ,
2008
|
| Subjects: |
MARC
| LEADER | 00000cam a2200000 7i4500 | ||
|---|---|---|---|
| 001 | 0000025012 | ||
| 005 | 20090203.0 | ||
| 008 | 090203 | ||
| 020 | |a 9834353834 | ||
| 090 | 0 | 0 | |a 158.1 |b ZAB |
| 100 | 0 | |a Zabrina A. Bakar | |
| 245 | 1 | 0 | |a Life is an open secret : |b you, me and we |c Zabrina A. Bakar |
| 260 | |a Kuala Lumpur : |b Wise Worlds Publishing , |c 2008 | ||
| 650 | 0 | |a Inspiration |x Anecdotes | |
| 650 | 0 | |a Motivation |x Anecdotes | |
| 999 | |a 0001040256 |b Book |c Adult Collection |e Perbadanan Perpustakaan Awam Johor | ||